00450 2200169 4500001002100000008004100021035002000062245004000082100001300122260004100135300002000176520001600196082000800212650003400220990001300254990001300267INLIS000000000000256 ind  a0010-0322000256 aSEJARAH DAN KISAH SENI TEATERcIKHA aFIDELARA aJAKARTAbPT ARMANDELTA SELARASc2010 a78 hlm.c25 cm. aSENI TEATER a790 aSENI REKREASI DAN PERTUNJUKAN a102507-2 a102507-1